Top 10 Manchester City Premier League Appearances - Statistics

General Stats
  • This quiz has been taken 457 times
    205 since last reset
  • The average score is 7 of 10
Answer Stats
Player Apps % Correct
Sergio Agüero 275
96%
Kevin De Bruyne 285
90%
Vincent Kompany 265
90%
Bernardo Silva 264
87%
David Silva 309
87%
Ederson 276
77%
Joe Hart 266
71%
Yaya Touré 230
69%
Fernandinho 264
62%
Richard Dunne 256
16%
No matching quizzes found
Score Distribution
Percent of People with Each Score
Percentile by Number Answered
Your Score History
You have not taken this quiz since the last reset